00739nam a2200241 a 450000100060000000300080000600500170001400800410003102000300007203500190010204000260012104100080014708200240015510000160017924500550019525000120025026000660026230000320032850400500036065000220041065000260043265000390045855336BD-RjUL20211209080241.0161116s2005 ii | o |||| 0|eng d a8120324455c: IRs. 195.00 a(BD-RjUL)55458 aBD-RjULbengcBD-RjUL aeng04a005.1223bMAF 20051 aMall, Rajib10aFundamentals of Software Engineering /cRajib Mall a2nd ed. aNew Delhi :b Prentice-Hall of India, cc2003 [Reprint 2005]. axx, 336 p. :bill. ;c25 cm aIncludes Bibliographical References and Index 0aComputer science. 0aSoftware engineering.24aProgramming and Operating Systems.